London underground lines - Statistiques

Statistiques générales
  • Ce quiz a été pris 142 fois
  • Le résultat moyen est 9 sur 14
Statistiques - réponses
Hint Réponse % Correct
P_ _ _ _ _ _ _ _ _ Piccadilly
84%
N_ _ _ _ _ _ _ Northern
79%
V_ _ _ _ _ _ _ Victoria
78%
J_ _ _ _ _ _ Jubilee
77%
B_ _ _ _ _ _ _ Bakerloo
70%
D_ _ _ _ _ _ _ District
70%
W_ _ _ _ _ _ _ Waterloo
70%
C_ _ _ _ _ Circle
67%
C_ _ _ _ _ _ Central
66%
H_ _ _ _ _ _ _ _ _ _ Hammersmith
64%
E_ _ _ _ _ _ _ _ Elizabeth
62%
M_ _ _ _ _ _ _ _ _ _ _ Metropolitan
50%
L_ _ _ _ _ O_ _ _ _ _ _ _ _ _ London Overground
43%
D_ _ _ _ _ _ _ _ L_ _ _ _ R_ _ _ _ _ _ Docklands Light Railway
27%
Aucun quiz correspondant
Distribution des résultats
% des personnes avec chaque résultat
Percentile par nombre de réponses
Votre historique - résultats
Vous n’avez pas pris ce quiz